[Event "FRA T I 120102011"]
[Site "FRA"]
[Date "2010.11.14"]
[Round "3.6"]
[White "Mandon, Fabrice"]
[Black "Schabanel, Stephane"]
[Result "0-1"]
[WhiteElo "2196"]
[BlackElo "2228"]
[PlyCount "92"]
[EventDate "2010.10.17"]
[EventType "team-match"]
[EventRounds "9"]
[EventCountry "FRA"]
[Source "FFE"]
[SourceDate "2010.10.29"]
[BlackTeamCountry "FRA"]

1. e4 c5 2. Nf3 e6 3. d4 cxd4 4. Nxd4 a6 5. Nc3 Qc7 6. Be2 b5 7. O-O Bb7 8. Bf3
Nc6 9. Nxc6 dxc6 10. Qe2 e5 11. Be3 Bb4 12. a4 Bxc3 13. bxc3 Ne7 14. Bc5 O-O
15. Rfd1 Rad8 16. Rd3 Rxd3 17. cxd3 Re8 18. Qb2 Nc8 19. Qb4 Nb6 20. Qa5 Na8 21.
Qb4 Nb6 22. Qa5 Na8 23. Qxc7 Nxc7 24. c4 Ne6 25. Be3 b4 26. Bb6 c5 27. Bg4 Rc8
28. a5 Kf8 29. Bxe6 fxe6 30. Kf1 Ke7 31. Ke2 Kd6 32. Ke3 Bc6 33. Ra2 Bd7 34.
Ra1 Kc6 35. f4 exf4+ 36. Kxf4 Rb8 37. Ke5 Rxb6 38. axb6 Kxb6 39. d4 cxd4 40.
Kxd4 a5 41. g3 a4 42. Rb1 e5+ 43. Kd5 Bc6+ 44. Kd6 b3 45. c5+ Kb5 46. Kxe5 Kb4
0-1

[Event "FRA T I 120102011"]
[Site "FRA"]
[Date "2010.11.13"]
[Round "2.1"]
[White "Simon, Olivier"]
[Black "Gladyszev, Oleg"]
[Result "1/2-1/2"]
[WhiteElo "2343"]
[BlackElo "2482"]
[PlyCount "89"]
[EventDate "2010.10.17"]
[EventType "team-match"]
[EventRounds "9"]
[EventCountry "FRA"]
[Source "FFE"]
[SourceDate "2010.10.29"]
[BlackTeamCountry "FRA"]

1. e4 c5 2. Nf3 Nc6 3. d4 cxd4 4. Nxd4 Nf6 5. Nc3 e5 6. Ndb5 d6 7. Bg5 a6 8.
Na3 b5 9. Nd5 Be7 10. Bxf6 Bxf6 11. c3 Bg5 12. Nc2 Ne7 13. h4 Bh6 14. a4 bxa4
15. Ncb4 O-O 16. Qxa4 a5 17. Bb5 Nxd5 18. Nxd5 Be6 19. Bc6 Rb8 20. b4 axb4 21.
cxb4 Kh8 22. Qa5 Bxd5 23. Qxd8 Rfxd8 24. Bxd5 Rxb4 25. O-O f5 26. Rfb1 Rxb1+
27. Rxb1 fxe4 28. Bxe4 g6 29. Bd5 Re8 30. Ra1 e4 31. Ra8 Rxa8 32. Bxa8 e3 33.
fxe3 Bxe3+ 34. Kf1 Kg7 35. Ke2 Bb6 36. Be4 Bd8 37. g3 Kh6 38. Bf3 Bf6 39. Kf2
Bd4+ 40. Kg2 Kg7 41. h5 Kf6 42. hxg6 hxg6 43. Be4 g5 44. g4 Ke5 45. Kf3 1/2-1/2

[Event "FRA T I 120102011"]
[Site "FRA"]
[Date "2010.11.13"]
[Round "2.2"]
[White "Manouck, Thierry"]
[Black "Payen, Arnaud"]
[Result "0-1"]
[WhiteElo "2336"]
[BlackElo "2364"]
[PlyCount "88"]
[EventDate "2010.10.17"]
[EventType "team-match"]
[EventRounds "9"]
[EventCountry "FRA"]
[Source "FFE"]
[SourceDate "2010.10.29"]
[BlackTeamCountry "FRA"]

1. c4 e6 2. Nf3 f5 3. g3 Nf6 4. Bg2 d5 5. O-O Bd6 6. Nc3 O-O 7. d3 dxc4 8. dxc4
Nc6 9. Nb5 e5 10. Nxd6 cxd6 11. b3 Ne4 12. Bb2 Qa5 13. Qe1 Qc5 14. Nd2 Nf6 15.
Nb1 Rd8 16. Ba3 Qb6 17. Nc3 Be6 18. Na4 Qc7 19. Rc1 Qf7 20. Bb2 Rac8 21. h3 h5
22. Bxc6 Rxc6 23. f4 h4 24. gxh4 Nh5 25. e3 d5 26. Bxe5 dxc4 27. Kh2 cxb3 28.
Rxc6 bxc6 29. axb3 Bxb3 30. Nc5 Rd1 31. Qf2 Rxf1 32. Qxf1 Bd5 33. Bd4 Qe7 34.
Qa6 Qxh4 35. Qc8+ Kh7 36. Qxf5+ g6 37. Qd7+ Kh6 38. e4 Qxf4+ 39. Kg1 Qg3+ 40.
Kh1 Qf3+ 41. Kh2 Qe2+ 42. Kg1 Qd1+ 43. Kh2 Qxd4 44. exd5 Qf2+ 0-1

[Event "FRA T I 120102011"]
[Site "FRA"]
[Date "2010.11.14"]
[Round "3.6"]
[White "Manet, Eric"]
[Black "Carrillo, Jesus"]
[Result "0-1"]
[WhiteElo "1993"]
[BlackElo "2099"]
[PlyCount "86"]
[EventDate "2010.10.17"]
[EventType "team-match"]
[EventRounds "9"]
[EventCountry "FRA"]
[Source "FFE"]
[SourceDate "2010.10.29"]
[BlackTeamCountry "FRA"]

1. e4 c5 2. Nf3 d6 3. d4 cxd4 4. Nxd4 Nf6 5. Nc3 a6 6. Bg5 e6 7. f4 Nbd7 8. Qf3
Qc7 9. O-O-O Be7 10. g4 h6 11. Bxf6 Bxf6 12. h4 Be7 13. Bd3 b5 14. g5 b4 15.
Nce2 Nc5 16. Kb1 Bb7 17. Rdg1 d5 18. e5 hxg5 19. hxg5 Rxh1 20. Rxh1 O-O-O 21.
Rh7 Ne4 22. Qh1 Bf8 23. g6 Kb8 24. Qh5 Nc5 25. gxf7 Rc8 26. Bg6 Ne4 27. Bxe4
dxe4 28. Qh3 Bd5 29. Rh8 Qxf7 30. Qe3 Qc7 31. Ng3 Qb7 32. f5 exf5 33. Ngxf5 Qf7
34. e6 Bxe6 35. Qxe4 Bxa2+ 36. Kc1 Bd5 37. Qe5+ Ka8 38. Nd6 Qf1+ 39. Kd2 Qg2+
40. Ne2 Rd8 41. Ke1 Bf3 42. Nf5 Qg5 43. Qa5 Qd2+ 0-1

[Event "FRA T I 120102011"]
[Site "FRA"]
[Date "2010.11.14"]
[Round "3.2"]
[White "Rausis, Igor"]
[Black "Carbonnel, Pierre"]
[Result "1-0"]
[WhiteElo "2482"]
[BlackElo "2234"]
[PlyCount "85"]
[EventDate "2010.10.17"]
[EventType "team-match"]
[EventRounds "9"]
[EventCountry "FRA"]
[Source "FFE"]
[SourceDate "2010.10.29"]
[BlackTeamCountry "FRA"]

1. Nf3 Nf6 2. d4 g6 3. Nbd2 Bg7 4. e4 d6 5. Bd3 O-O 6. O-O Nbd7 7. Re1 e6 8. c3
b6 9. a4 a6 10. b4 Bb7 11. Ba3 Nh5 12. Bf1 e5 13. Qb3 Nf4 14. dxe5 Bxe5 15. g3
Ne6 16. Nxe5 dxe5 17. Rad1 Qf6 18. Bg2 Rfd8 19. Qc2 c5 20. Nc4 Rac8 21. b5 axb5
22. axb5 Ng5 23. Qe2 Ra8 24. Bc1 h5 25. Rd6 Ne6 26. Red1 Qe7 27. Rxd7 Rxd7 28.
Rxd7 Qxd7 29. Nxb6 Qd8 30. Nxa8 Qxa8 31. h4 Qa4 32. f3 Qb3 33. Qb2 Qd1+ 34. Kh2
Qd3 35. b6 f5 36. Qa2 Kf7 37. Qa7 Qa6 38. Qxa6 Bxa6 39. f4 exf4 40. exf5 fxg3+
41. Kxg3 Nd8 42. Bg5 Nb7 43. Bd5+ 1-0

[Event "FRA T I 120102011"]
[Site "FRA"]
[Date "2010.11.14"]
[Round "3.8"]
[White "Belloc, Sidonie"]
[Black "Monpeurt, Cyrielle"]
[Result "1/2-1/2"]
[WhiteElo "1840"]
[BlackElo "1946"]
[PlyCount "84"]
[EventDate "2010.10.17"]
[EventType "team-match"]
[EventRounds "9"]
[EventCountry "FRA"]
[Source "FFE"]
[SourceDate "2010.10.29"]
[BlackTeamCountry "FRA"]

1. e4 e5 2. Nf3 Nc6 3. d4 exd4 4. Nxd4 Bc5 5. Be3 Qf6 6. c3 Nge7 7. Be2 d5 8.
Bf3 dxe4 9. Bxe4 Nxd4 10. Bxd4 Bxd4 11. Qxd4 Qxd4 12. cxd4 c6 13. Nc3 Be6 14.
O-O O-O-O 15. Rfd1 f5 16. Bf3 g5 17. Re1 Rd6 18. g3 h5 19. Rad1 Kb8 20. b4 h4
21. b5 hxg3 22. hxg3 Nd5 23. bxc6 bxc6 24. Nxd5 Bxd5 25. Bxd5 cxd5 26. Re5 Rdh6
27. Rde1 Kc7 28. Kf1 f4 29. Re6 Rh2 30. gxf4 gxf4 31. Re7+ Kd8 32. R7e5 f3 33.
Rxd5+ Kc7 34. Rc1+ Kb6 35. Ke1 Rg8 36. Rd6+ Kb7 37. Rd7+ Kb6 38. Rd6+ Ka5 39.
Rd5+ Kb4 40. Rdc5 Rg1+ 41. Kd2 Rxf2+ 42. Ke3 Rgf1 {suite illisible} 1/2-1/2

[Event "FRA T I 120102011"]
[Site "FRA"]
[Date "2010.11.13"]
[Round "2.4"]
[White "Bijaoui, Manuel"]
[Black "Jossien, Remy"]
[Result "1-0"]
[WhiteElo "2399"]
[BlackElo "2277"]
[PlyCount "83"]
[EventDate "2010.10.17"]
[EventType "team-match"]
[EventRounds "9"]
[EventCountry "FRA"]
[Source "FFE"]
[SourceDate "2010.10.29"]
[BlackTeamCountry "FRA"]

1. e4 d6 2. d4 g6 3. Nc3 Bg7 4. Be3 Nd7 5. Nf3 a6 6. a4 b6 7. Be2 e6 8. h4 h6
9. d5 e5 10. h5 g5 11. Nd2 Ne7 12. g4 Bb7 13. Nc4 O-O 14. Qd2 Kh7 15. b4 Nf6
16. f3 Qd7 17. Ra3 Rad8 18. O-O Rfe8 19. Rd1 Bf8 20. Bf2 Qc8 21. Ne3 Qa8 22.
Bf1 Nc8 23. Na2 Nd7 24. c4 a5 25. Be1 axb4 26. Nxb4 c6 27. dxc6 Bxc6 28. Ned5
Bxd5 29. cxd5 Nb8 30. Bf2 Re7 31. Rc1 Qb7 32. Rac3 Na7 33. Qe3 b5 34. Nc6 Nbxc6
35. dxc6 Nxc6 36. Rxc6 bxa4 37. Rb6 Qd7 38. Bb5 Qa7 39. Qa3 d5 40. Rxh6+ Kxh6
41. Bxa7 Rc7 42. Bc5 1-0

[Event "FRA T I 120102011"]
[Site "FRA"]
[Date "2010.11.13"]
[Round "2.6"]
[White "Giffard, Nicolas"]
[Black "Jossien, Arnaud"]
[Result "1-0"]
[WhiteElo "2312"]
[BlackElo "2318"]
[PlyCount "83"]
[EventDate "2010.10.17"]
[EventType "team-match"]
[EventRounds "9"]
[EventCountry "FRA"]
[Source "FFE"]
[SourceDate "2010.10.29"]
[BlackTeamCountry "FRA"]

1. d4 d6 2. Nf3 g6 3. e4 Bg7 4. Nc3 a6 5. Be3 Nd7 6. Qd2 b5 7. a3 Bb7 8. d5 c6
9. dxc6 Bxc6 10. Nd4 Bb7 11. f3 Ne5 12. a4 Nc4 13. Bxc4 bxc4 14. a5 Nf6 15. Bh6
Bxh6 16. Qxh6 Rc8 17. O-O Rc5 18. Ra4 Qc7 19. Rd1 Rh5 20. Qf4 Qc5 21. Nce2 Nd7
22. c3 Bc6 23. Rb4 e5 24. Qd2 Bb5 25. Ng3 Rh4 26. Kh1 exd4 27. cxd4 Qc8 28.
Rxb5 axb5 29. a6 O-O 30. a7 Nb6 31. Nf5 Qd8 32. Nxh4 Qxh4 33. Qa5 Na8 34. Qxb5
Qf2 35. Qxc4 Qxb2 36. Qa6 Qxd4 37. h3 d5 38. exd5 Qxd5 39. Rb1 h5 40. Rb8 Rd8
41. Qf6 Rf8 42. Qe7 1-0

[Event "FRA T I 120102011"]
[Site "FRA"]
[Date "2010.11.14"]
[Round "3.4"]
[White "Jossien, Arnaud"]
[Black "Carton, Camille"]
[Result "0-1"]
[WhiteElo "2318"]
[BlackElo "2221"]
[PlyCount "84"]
[EventDate "2010.10.17"]
[EventType "team-match"]
[EventRounds "9"]
[EventCountry "FRA"]
[Source "FFE"]
[SourceDate "2010.10.29"]
[BlackTeamCountry "FRA"]

1. Nf3 d5 2. g3 Nf6 3. Bg2 c6 4. d3 Bf5 5. Nh4 Be6 6. Nd2 Qc8 7. h3 g6 8. e4
dxe4 9. dxe4 Bg7 10. Qe2 O-O 11. f4 Na6 12. g4 Qc7 13. Ndf3 Rad8 14. O-O b5 15.
Re1 Nd7 16. a4 Bc4 17. Qf2 b4 18. Nd2 Be6 19. f5 Ndc5 20. Nhf3 Bc8 21. Nc4 b3
22. Be3 Nxe4 23. Qh4 Nb4 24. Bh6 Nf6 25. cxb3 Nc2 26. Rac1 Nxe1 27. Rxe1 Bxh6
28. Qxh6 Qg3 29. Nce5 Bb7 30. g5 Rd2 31. Nxd2 Qxe1+ 32. Nf1 Qxe5 33. gxf6 Qxf6
34. Qe3 Bc8 35. Ng3 Bxf5 36. Qxa7 Rd8 37. Qf2 Rd1+ 38. Kh2 Qd6 39. a5 h5 40. h4
Rd2 41. Qe3 Rd3 42. Qf2 Be4 0-1

[Event "FRA T I 120102011"]
[Site "FRA"]
[Date "2010.11.14"]
[Round "3.1"]
[White "Legky, Nikolay A"]
[Black "Roeder, Mathias"]
[Result "1-0"]
[WhiteElo "2420"]
[BlackElo "2415"]
[PlyCount "83"]
[EventDate "2010.10.17"]
[EventType "team-match"]
[EventRounds "9"]
[EventCountry "FRA"]
[Source "FFE"]
[SourceDate "2010.10.29"]
[BlackTeamCountry "FRA"]

1. d4 Nf6 2. Nf3 g6 3. Bf4 Bg7 4. e3 O-O 5. a4 d6 6. c3 Nbd7 7. e4 e5 8. dxe5
Nxe5 9. Nxe5 dxe5 10. Qxd8 Rxd8 11. Bg5 Re8 12. Bc4 Be6 13. Nd2 Nd7 14. Ke2
Bxc4+ 15. Nxc4 Nc5 16. f3 b6 17. Rhd1 Ne6 18. Be3 Red8 19. Rxd8+ Rxd8 20. a5 b5
21. Nd2 a6 22. c4 c6 23. cxb5 cxb5 24. Rc1 Bf8 25. Nb3 Bb4 26. Rc6 Rd6 27. Rb6
Kf8 28. Bd2 Nf4+ 29. Bxf4 exf4 30. Rxd6 Bxd6 31. Kd3 Ke7 32. Kd4 Ke6 33. Nc5+
Bxc5+ 34. Kxc5 g5 35. Kb6 Kd6 36. e5+ Kd5 37. b4 h6 38. h3 h5 39. Kb7 h4 40.
Kxa6 Kc6 41. Ka7 Kc7 42. a6 1-0

[Event "FRA T I 120102011"]
[Site "FRA"]
[Date "2010.11.14"]
[Round "3.4"]
[White "Payen, Arnaud"]
[Black "Fayard, Alain"]
[Result "1-0"]
[WhiteElo "2364"]
[BlackElo "2215"]
[PlyCount "83"]
[EventDate "2010.10.17"]
[EventType "team-match"]
[EventRounds "9"]
[EventCountry "FRA"]
[Source "FFE"]
[SourceDate "2010.10.29"]
[BlackTeamCountry "FRA"]

1. c4 c5 2. Nf3 Nc6 3. Nc3 g6 4. g3 Bg7 5. Bg2 e5 6. O-O Nge7 7. a3 O-O 8. Rb1
a5 9. Ne1 d6 10. Nc2 Be6 11. Ne3 f5 12. Ned5 f4 13. d3 g5 14. b4 axb4 15. axb4
cxb4 16. Nxb4 Bg4 17. Nc2 Qd7 18. Ne4 h6 19. Ba3 Nc8 20. Re1 b6 21. Ra1 Kh8 22.
Bb2 Rxa1 23. Qxa1 Na5 24. Qa3 Nb7 25. d4 Qf7 26. Qd3 Qh5 27. dxe5 dxe5 28. Qd5
Nc5 29. Nxc5 bxc5 30. Bxe5 Qg6 31. Qxc5 Re8 32. Bxg7+ Qxg7 33. Nd4 Nd6 34. Qd5
Nf7 35. c5 Qf6 36. Nf3 Ne5 37. Nxe5 Rxe5 38. Qc4 Qe7 39. c6 Qd6 40. gxf4 Rc5
41. Qd3 Qxf4 42. e3 1-0

[Event "FRA T I 120102011"]
[Site "FRA"]
[Date "2010.11.13"]
[Round "2.3"]
[White "Soyez, Cyril"]
[Black "Carton, Camille"]
[Result "1-0"]
[WhiteElo "2255"]
[BlackElo "2221"]
[PlyCount "83"]
[EventDate "2010.10.17"]
[EventType "team-match"]
[EventRounds "9"]
[EventCountry "FRA"]
[Source "FFE"]
[SourceDate "2010.10.29"]
[BlackTeamCountry "FRA"]

1. c4 c6 2. Nf3 Nf6 3. g3 d5 4. b3 Bf5 5. Bg2 e6 6. O-O Nbd7 7. Bb2 h6 8. d3
Bc5 9. Nbd2 O-O 10. Rc1 Qe7 11. Rc2 a5 12. Qa1 a4 13. Ne5 Ba3 14. Bxa3 Qxa3 15.
Nxd7 Nxd7 16. Rb1 axb3 17. Nxb3 dxc4 18. Rxc4 Qxa2 19. Qxa2 Rxa2 20. Nd4 Bg6
21. Rxb7 Ne5 22. Rc2 Ra1+ 23. Bf1 Nxd3 24. Nb3 Ne1 25. Rxc6 Rb1 26. f3 Nxf3+
27. exf3 Bd3 28. Rc1 Rxc1 29. Nxc1 Bf5 30. Nd3 Rd8 31. Ne5 Rd2 32. g4 Bc2 33.
Rc7 Bb1 34. Rd7 Rxd7 35. Nxd7 g5 36. Bc4 Kg7 37. Kf2 Bc2 38. Nc5 Kf6 39. Bd3
Bd1 40. Be4 h5 41. gxh5 g4 42. h6 1-0

[Event "FRA T I 120102011"]
[Site "FRA"]
[Date "2010.11.14"]
[Round "3.6"]
[White "Jossien, Remy"]
[Black "Becuwe, Olivier"]
[Result "1-0"]
[WhiteElo "2277"]
[BlackElo "2094"]
[PlyCount "81"]
[EventDate "2010.10.17"]
[EventType "team-match"]
[EventRounds "9"]
[EventCountry "FRA"]
[Source "FFE"]
[SourceDate "2010.10.29"]
[BlackTeamCountry "FRA"]

1. e4 c5 2. Nf3 d6 3. g3 Nc6 4. Bg2 g6 5. O-O Bg7 6. c3 Nf6 7. d3 O-O 8. Re1 b6
9. Nbd2 Bb7 10. Nf1 b5 11. Bf4 Nd7 12. Qd2 Nce5 13. Rad1 Nxf3+ 14. Bxf3 Ne5 15.
Bg2 Qd7 16. Ne3 Rfd8 17. Nc2 c4 18. Bxe5 dxe5 19. d4 exd4 20. cxd4 a5 21. Qe2
Qc7 22. e5 Bxg2 23. Kxg2 f6 24. f4 g5 25. d5 gxf4 26. gxf4 fxe5 27. fxe5 Qc5
28. Qe4 Rf8 29. Ne3 Qb4 30. Nf5 Qxb2+ 31. Re2 Qa3 32. Kh1 Qh3 33. Rf2 Kh8 34.
Rg1 c3 35. Rxg7 Rxf5 36. Rxf5 Kxg7 37. Rf3 Qh5 38. e6 c2 39. Rg3+ Kf8 40. Qf4+
Ke8 41. Rg8# 1-0

[Event "FRA T I 120102011"]
[Site "FRA"]
[Date "2010.11.13"]
[Round "2.6"]
[White "Mensch, Etienne"]
[Black "Manet, Eric"]
[Result "1-0"]
[WhiteElo "2348"]
[BlackElo "1993"]
[PlyCount "81"]
[EventDate "2010.10.17"]
[EventType "team-match"]
[EventRounds "9"]
[EventCountry "FRA"]
[Source "FFE"]
[SourceDate "2010.10.29"]
[BlackTeamCountry "FRA"]

1. d4 Nf6 2. c4 g6 3. f3 Bg7 4. e4 d6 5. Nc3 O-O 6. Be3 Nbd7 7. Qd2 c6 8. O-O-O
a6 9. h4 Qa5 10. Kb1 b5 11. Nd5 Qd8 12. Nxf6+ Nxf6 13. h5 Be6 14. d5 cxd5 15.
cxd5 Bd7 16. Bh6 Rc8 17. Bxg7 Kxg7 18. hxg6 fxg6 19. Ne2 Rc5 20. g4 Kg8 21. Nf4
Rf7 22. Qf2 g5 23. Nh3 Rg7 24. Qd2 h6 25. Nf2 Kh7 26. Bd3 Ng8 27. b4 Rc8 28.
e5+ Kh8 29. e6 Be8 30. f4 gxf4 31. Qxf4 Bg6 32. Ne4 Qf8 33. Rxh6+ Nxh6 34.
Qxh6+ Rh7 35. Qxg6 Rh2 36. Ng5 Qg7 37. Qxg7+ Kxg7 38. Rf1 Rf8 39. Rf7+ Rxf7 40.
Nxf7 Rg2 41. Bg6 1-0

[Event "FRA T I 120102011"]
[Site "FRA"]
[Date "2010.11.14"]
[Round "3.6"]
[White "Flament, Frederic"]
[Black "Giffard, Nicolas"]
[Result "1/2-1/2"]
[WhiteElo "2091"]
[BlackElo "2312"]
[PlyCount "78"]
[EventDate "2010.10.17"]
[EventType "team-match"]
[EventRounds "9"]
[EventCountry "FRA"]
[Source "FFE"]
[SourceDate "2010.10.29"]
[BlackTeamCountry "FRA"]

1. d4 Nf6 2. Nf3 e6 3. Bf4 b6 4. e3 Bb7 5. Bd3 Be7 6. h3 O-O 7. Nbd2 c5 8. c3
Nc6 9. a3 d5 10. Qb1 h6 11. b4 cxd4 12. cxd4 Bd6 13. Ne5 Bxe5 14. Bxe5 Nxe5 15.
dxe5 Nd7 16. Nf3 Qc7 17. Qb2 Rac8 18. Kd2 a6 19. Rhc1 Qb8 20. Rxc8 Rxc8 21. Rc1
Rxc1 22. Kxc1 Qc7+ 23. Qc2 Qxc2+ 24. Kxc2 Kf8 25. Kc3 Ke7 26. Kd4 Nb8 27. b5 a5
28. Nd2 Nd7 29. Nb1 f6 30. f4 fxe5+ 31. fxe5 Nc5 32. Bc2 Bc8 33. Nc3 Bd7 34. e4
dxe4 35. Bxe4 Nxe4 36. Kxe4 Be8 37. Kf4 Kd7 38. g4 Bg6 39. Ne4 Bxe4 1/2-1/2

[Event "FRA T I 120102011"]
[Site "FRA"]
[Date "2010.11.14"]
[Round "3.5"]
[White "Justo, Damian"]
[Black "Barbini, Denis"]
[Result "1-0"]
[WhiteElo "2322"]
[BlackElo "2119"]
[PlyCount "75"]
[EventDate "2010.10.17"]
[EventType "team-match"]
[EventRounds "9"]
[EventCountry "FRA"]
[Source "FFE"]
[SourceDate "2010.10.29"]
[BlackTeamCountry "FRA"]

1. d4 d6 2. Nf3 g6 3. e4 Nf6 4. Nc3 Bg7 5. Be3 O-O 6. Qd2 a6 7. Bd3 Bg4 8. Ng5
h6 9. h3 Bc8 10. Nf3 Kh7 11. e5 Ne8 12. h4 h5 13. Ng5+ Kg8 14. e6 f5 15. Nd5 c6
16. Nf4 Rf6 17. Qe2 Nc7 18. Bd2 Nd5 19. Nfh3 b5 20. f3 c5 21. c4 bxc4 22. Bxc4
Nb4 23. Bc3 d5 24. dxc5 dxc4 25. Bxb4 Qc7 26. Bc3 Qxc5 27. O-O-O Nc6 28. Nf4
Rf8 29. Rd5 Qb6 30. Bxg7 Kxg7 31. Qxc4 a5 32. Rc5 Nb4 33. a3 Na6 34. Qc3+ Rf6
35. Rxc8 Rxc8 36. Qxc8 Qe3+ 37. Kb1 Nc5 38. Qc7 1-0

[Event "FRA T I 120102011"]
[Site "FRA"]
[Date "2010.11.13"]
[Round "2.5"]
[White "Lefebvre, Herve"]
[Black "Justo, Damian"]
[Result "1-0"]
[WhiteElo "2291"]
[BlackElo "2322"]
[PlyCount "75"]
[EventDate "2010.10.17"]
[EventType "team-match"]
[EventRounds "9"]
[EventCountry "FRA"]
[Source "FFE"]
[SourceDate "2010.10.29"]
[BlackTeamCountry "FRA"]

1. e4 e6 2. d4 d5 3. Nd2 Be7 4. Bd3 c5 5. dxc5 Nf6 6. Qe2 O-O 7. Ngf3 a5 8. a4
Na6 9. e5 Nd7 10. Nb3 Ndxc5 11. Nxc5 Nxc5 12. Bb5 Bd7 13. O-O Qe8 14. Nd4 Bxb5
15. Nxb5 Qc6 16. Ra3 Rfc8 17. Rh3 Nd7 18. Qh5 Qxc2 19. Bg5 Bxg5 20. Qxg5 Qxb2
21. Nd6 Rf8 22. f4 Qd4+ 23. Kh1 Nc5 24. Qh4 h6 25. Rg3 Kh7 26. Qg4 g6 27. Nxf7
Qe4 28. Nd6 Qc2 29. f5 g5 30. Qh5 exf5 31. Rxf5 Rg8 32. Qf7+ Kh8 33. Qf6+ Kh7
34. Qe7+ Kh8 35. Nf7+ Kh7 36. Nd8+ Kh8 37. Nf7+ Kh7 38. Nxh6+ 1-0

[Event "FRA T I 120102011"]
[Site "FRA"]
[Date "2010.11.13"]
[Round "2.8"]
[White "Lutz, Eric"]
[Black "Belloc, Sidonie"]
[Result "1-0"]
[WhiteElo "2222"]
[BlackElo "1840"]
[PlyCount "75"]
[EventDate "2010.10.17"]
[EventType "team-match"]
[EventRounds "9"]
[EventCountry "FRA"]
[Source "FFE"]
[SourceDate "2010.10.29"]
[BlackTeamCountry "FRA"]

1. d4 d5 2. c3 Nf6 3. Bg5 e6 4. Nd2 Be7 5. e3 Nbd7 6. f4 c5 7. Bd3 b6 8. Qf3
Bb7 9. Nh3 c4 10. Bc2 Qc7 11. O-O h6 12. Bh4 b5 13. Nf2 Bd6 14. Ng4 O-O-O 15.
Ne5 Nf8 16. e4 N8h7 17. a4 b4 18. exd5 exd5 19. b3 Kb8 20. Rfb1 g5 21. fxg5
hxg5 22. Bg3 g4 23. Qe3 Nh5 24. bxc4 f6 25. c5 Nxg3 26. cxd6 Rxd6 27. Qxg3 fxe5
28. Qxe5 Nf6 29. Rxb4 Re8 30. Qg3 Ka8 31. Rab1 Ba6 32. Nb3 Qe7 33. Nc5 Bc4 34.
Rb7 Qf8 35. Bg6 Red8 36. Rf7 Qg8 37. Rbb7 Qxg6 38. Rxa7+ 1-0

[Event "FRA T I 120102011"]
[Site "FRA"]
[Date "2010.11.13"]
[Round "2.5"]
[White "Kieffer, Christian"]
[Black "Gosset, Arnaud"]
[Result "0-1"]
[WhiteElo "2143"]
[BlackElo "2211"]
[PlyCount "74"]
[EventDate "2010.10.17"]
[EventType "team-match"]
[EventRounds "9"]
[EventCountry "FRA"]
[Source "FFE"]
[SourceDate "2010.10.29"]
[BlackTeamCountry "FRA"]

1. e4 c5 2. Nf3 e6 3. Qe2 Nf6 4. e5 Nd5 5. c4 Nb4 6. d3 d6 7. a3 N4c6 8. exd6
Bxd6 9. Nc3 O-O 10. g3 e5 11. Bg2 Nd4 12. Qd1 Bg4 13. h3 Bh5 14. g4 Bg6 15.
Nxd4 exd4 16. Ne4 f5 17. Bg5 Be7 18. gxf5 Rxf5 19. Bxe7 Qxe7 20. Qg4 Nc6 21.
O-O-O Raf8 22. Rd2 Ne5 23. Qg3 Rf3 24. Bxf3 Rxf3 25. Qg5 Nxd3+ 26. Rxd3 Qxg5+
27. Nxg5 Rxd3 28. Re1 h6 29. Ne6 Rf3 30. Nxc5 Rxf2 31. Re6 Kh7 32. b3 b6 33.
Nd7 d3 34. Rd6 Rc2+ 35. Kd1 Bh5+ 36. Ke1 Re2+ 37. Kf1 d2 0-1

[Event "FRA T I 120102011"]
[Site "FRA"]
[Date "2010.11.13"]
[Round "2.4"]
[White "Sarakauskas, Gediminas"]
[Black "Goasdoue, Vincent"]
[Result "1-0"]
[WhiteElo "2450"]
[BlackElo "2129"]
[PlyCount "73"]
[EventDate "2010.10.17"]
[EventType "team-match"]
[EventRounds "9"]
[EventCountry "FRA"]
[Source "FFE"]
[SourceDate "2010.10.29"]
[BlackTeamCountry "FRA"]

1. Nf3 g6 2. e4 Bg7 3. d4 d6 4. Nc3 a6 5. a4 Bg4 6. Be2 Nc6 7. Be3 e5 8. dxe5
dxe5 9. Qxd8+ Rxd8 10. Nd5 Rd7 11. O-O-O Nf6 12. h3 Be6 13. Nxf6+ Bxf6 14. Ng5
Nd4 15. Bf1 h6 16. Nxe6 Nxe6 17. Rxd7 Kxd7 18. h4 h5 19. Bc4 Rd8 20. a5 Ke7 21.
c3 Rh8 22. Kc2 Nf4 23. g3 Ne6 24. Ra1 g5 25. Bxe6 Kxe6 26. hxg5 Bg7 27. f4 exf4
28. gxf4 h4 29. Rh1 h3 30. Kd3 Rh4 31. Rh2 Bf8 32. Ke2 f6 33. gxf6 Kxf6 34. Kf3
Rh5 35. b4 c5 36. bxc5 Kf7 37. Kg4 1-0

[Event "FRA T I 120102011"]
[Site "FRA"]
[Date "2010.11.14"]
[Round "3.7"]
[White "Silvert, Alexandre"]
[Black "Couche, Didier"]
[Result "1-0"]
[WhiteElo "1974"]
[BlackElo "2122"]
[PlyCount "73"]
[EventDate "2010.10.17"]
[EventType "team-match"]
[EventRounds "9"]
[EventCountry "FRA"]
[Source "FFE"]
[SourceDate "2010.10.29"]
[BlackTeamCountry "FRA"]

1. d4 d5 2. Nf3 c6 3. g3 Bg4 4. Ne5 Bh5 5. Bg2 Nd7 6. c4 e6 7. h4 Nxe5 8. dxe5
dxc4 9. Qa4 Qb6 10. Nd2 Bb4 11. a3 c3 12. axb4 cxd2+ 13. Bxd2 Ne7 14. Be3 Qc7
15. b5 cxb5 16. Qxb5+ Nc6 17. Bc5 O-O-O 18. Bxc6 Qxc6 19. Qxc6+ bxc6 20. Rxa7
Kb8 21. O-O Rd5 22. Rfa1 Rxc5 23. Ra8+ Kb7 24. Rxh8 h6 25. Rh7 Rxe5 26. Rxg7
Rxe2 27. g4 Bg6 28. h5 Be4 29. Rxf7+ Kb6 30. Rf6 Bd5 31. Rxh6 Rxb2 32. Rg6 Rb3
33. Kh2 Rf3 34. Rb1+ Kc5 35. Rb2 Kd4 36. h6 Kc3 37. h7 1-0

[Event "FRA T I 120102011"]
[Site "FRA"]
[Date "2010.11.13"]
[Round "2.3"]
[White "Vallin, Guillaume"]
[Black "Bergez, Luc"]
[Result "1-0"]
[WhiteElo "2418"]
[BlackElo "2411"]
[PlyCount "73"]
[EventDate "2010.10.17"]
[EventType "team-match"]
[EventRounds "9"]
[EventCountry "FRA"]
[Source "FFE"]
[SourceDate "2010.10.29"]
[BlackTeamCountry "FRA"]

1. d4 Nf6 2. c4 g6 3. Nc3 Bg7 4. e4 O-O 5. f4 d6 6. Nf3 c5 7. dxc5 dxc5 8. Qxd8
Rxd8 9. e5 Nh5 10. Be2 Nc6 11. O-O Bf5 12. Ne1 Nd4 13. Bd1 Be6 14. g4 Bxc4 15.
Rf2 Nxf4 16. Bxf4 Ne6 17. Bg3 Rd7 18. Ba4 Rd4 19. Nc2 Rxg4 20. Ne3 Re4 21. Nxc4
Rxc4 22. Raf1 Rd4 23. Rxf7 Bf6 24. R7xf6 exf6 25. Rxf6 Ng5 26. e6 Rf8 27. e7
Rxf6 28. e8=Q+ Rf8 29. Qe3 Nf3+ 30. Kg2 Rd2+ 31. Ne2 c4 32. Bb5 Rf5 33. Bxc4+
Kg7 34. Qe7+ Kh6 35. Qe3+ Kg7 36. Be6 Rf6 37. Bg4 1-0

[Event "FRA T I 120102011"]
[Site "FRA"]
[Date "2010.11.13"]
[Round "2.2"]
[White "Carbonnel, Pierre"]
[Black "Decosse, Jean Fabien"]
[Result "0-1"]
[WhiteElo "2234"]
[BlackElo "2225"]
[PlyCount "70"]
[EventDate "2010.10.17"]
[EventType "team-match"]
[EventRounds "9"]
[EventCountry "FRA"]
[Source "FFE"]
[SourceDate "2010.10.29"]
[BlackTeamCountry "FRA"]

1. e4 c6 2. d4 g6 3. Nc3 d6 4. g3 Bg7 5. Bg2 Nd7 6. Nge2 e5 7. O-O Qe7 8. a4
Ngf6 9. h3 O-O 10. Bg5 h6 11. Be3 b6 12. Qd2 Kh7 13. g4 Bb7 14. Ng3 Rfe8 15. f4
Ng8 16. a5 c5 17. a6 exd4 18. axb7 Rab8 19. Nd5 dxe3 20. Qd3 Qh4 21. Ne2 Rxb7
22. c3 Nf8 23. Nxe3 Rd7 24. Ra6 Nf6 25. Rfa1 Rde7 26. Nd5 c4 27. Nxf6+ Bxf6 28.
Qxc4 Ne6 29. Rxa7 g5 30. Ra8 Rxa8 31. Rxa8 gxf4 32. Qc8 Bg7 33. e5 Qe1+ 34. Kh2
Qxe2 35. Qa6 Bxe5 0-1